Salmanov szerint igazságtalan és törvénytelen az ítélet

Bibliographic Details
Format: Article
Language:Hungarian
PhysicalDescription:Fotogr.
ISSN:1335-7050
Subjects:

MARC

LEADER 00000nab a2200000 a 4500
001 vtls010670558
003 SK-MaSNL
005 20260318124702.0
008 150429c201504 xo d| | 000 0|2hun
015 |a SNBRB2015/04 
038 |a DSZK 
040 |a DSZK  |b slo  |c DSZK  |e AACR2 
041 0 |a hun 
044 |a xo  |c SK 
080 |a 343.35  |2 2001 
245 0 0 |a Salmanov szerint igazságtalan és törvénytelen az ítélet  |c [szerző] (TASR, szcs) 
300 |b Fotogr. 
600 1 7 |a Salmanov, Alexander  |2 dszk  |9 1289294 
600 1 7 |a Salmanov, Sergej  |2 dszk  |9 1289295 
650 0 7 |a trestné činy  |2 SNKPH  |9 2181 
650 0 7 |a korupcia  |2 SNKPH  |9 1699 
651 7 |a Šamorín (Slovensko)  |2 SNKPHgeo  |9 28925 
773 0 |t Új szó  |g Évf. 68, sz. (2015.4.), o.  |x 1335-7050 
852 |a DSZK  |b KIS3GCP 
958 |a HU 
958 |a SK 
999 |c 2564113  |d 2566043